| 000 | 00627nas a2200217 4500 | ||
|---|---|---|---|
| 001 | BR9512008 | ||
| 003 | BR-BrBNA | ||
| 005 | 20231205094618.0 | ||
| 007 | ta | ||
| 008 | 230509b bl.|||p| |||| 00| 00por d | ||
| 040 |
_aBR-BrBNA _bpor _cBiblioteca Nacional de Agricultura |
||
| 041 | _a(Pt) | ||
| 072 | _aL01 | ||
| 100 | 1 | _a(Anon.) | |
| 245 | 1 | _aFinalmente a vitoria sobre as abelhas africanas | |
| 650 | _aAbelha Africana | ||
| 650 | _aApicultura | ||
| 773 | 0 |
_tAgricultura e Pecuaria (Brazil) _xISSN 0100-249X _g(Oct 1975), no. 604 p. 6-7 _wBR9512008 |
|
| 909 |
_a202311 _bLúcia _c55 _dLúcia Elande |
||
| 942 |
_2AGRIS _n0 _cANA |
||
| 999 |
_c145647 _d145647 |
||